Etica en las organizaciones : construyendo confianza /

Texto de ética aplicada en el campo de las organizaciones que se interesan en el estudio de la dimensión ética del comportamiento humano. Incluye teoría de la disciplina con un enfoque de casos prácticos. Contiene tres niveles: a) el de la persona, b) el de la organización, y c) el del entorno socia...

Повний опис

Збережено в:
Бібліографічні деталі
Автор: Guillén Parra, Manuel (autor)
Інші автори: Melé Carné, Domènec (prólogo) (prólogo)
Формат: Книга
Мова:Іспанська
Опубліковано: Madrid, España : Pearson, 2006, c2006
Предмети:
Теги: Додати тег
Немає тегів, Будьте першим, хто поставить тег для цього запису!

MARC

LEADER 00000nam^a2200000^a^4500
001 000327132
005 20250521000000.0
009 20260310113828.408
020 |a 978-84-205-4622-3 
037 |a Acervo ITESO - Biblioteca 
041 |a ESP 
082 |a 174. 4  |b GUI 
100 |a Guillén Parra, Manuel  |e (autor) 
245 1 0 |a Etica en las organizaciones :  |b construyendo confianza /  |c M. Guillén Parra ; pról. de D. Melé Carné. 
264 4 |a Madrid, España :  |b Pearson,  |c 2006, c2006 
300 |a XXIV, 357 p. 
336 |a texto  |b txt  |2 rdacontenido 
337 |a sin mediación  |b n  |2 rdamedio 
338 |a volumen  |b nc  |2 rdasoporte 
520 |a Texto de ética aplicada en el campo de las organizaciones que se interesan en el estudio de la dimensión ética del comportamiento humano. Incluye teoría de la disciplina con un enfoque de casos prácticos. Contiene tres niveles: a) el de la persona, b) el de la organización, y c) el del entorno social. 
649 |a XX 
650 |a Etica en los Negocios -  |x Tema Principal 
650 |a Empresa y Sociedad 
650 |a Etica Profesional 
650 |a Economía -  |x Aspectos Eticos 
700 |a Melé Carné, Domènec  |e (prólogo) 
910 |a Fondo General 
920 |a Impresos - Libros 
930 |a Colección General 
905 |a 101 
901 |a 0500216053  |b IT1  |c ACC  |i C135002  |u 20250521 
902 |a https://opac.biblio.iteso.mx/vufind/Record/000327132